EAFC 25 - TOTW #2 - Statistiken

Allgemein
  • Dieses Quiz wurde 31 mal gespielt
  • Das Durchschnittsergebnis liegt bei 9 aus 23
Antwortstatistiken
Raiting Verein Nation Spieler/in % Korrekt
88 Tottenham Hotspur Südkorea Heung Min Son
100%
91 Real Madrid Brasilien Vinicius Junior
96%
89 Bayer Leverkusen Deutschland Florian Wirtz
93%
86 FC Liverpool Kolumbien Luis Diaz
75%
87 Juventus Turin Brasilien Bremer
61%
86 FC Barcelona Brasilien Raphinha
61%
84 Bayern München Frankreich Michael Olise
57%
84 Vfb Stuttgart Deutschland Maximilian Mittelstädt
43%
86 Bayern München Dänemark Pernille Harder
43%
86 Al-Hilal Portugal Ruben Neves
43%
82 FC Chelsea Senegal Nicolas Jackson
36%
84 Galatasaray Uruguay Fernando Muslera
32%
86 Paris FC Frankreich Clara Mateo
25%
80 SV Darmstadt 98 Schweden Isac Lidberg
18%
81 OGC Nice Deutschland Youssoufa Moukoko
18%
83 Antwerp FC Belgien Toby Alderweireld
14%
80 Young Boys Portugal Joel Monteiro
11%
81 AC Milan Italien Matteo Gabbia
11%
80 Olympique Marseile Spanien Pol Lirola
11%
80 Brighton Hove Albion Japan Kiko Seike
7%
81 Portland Timbers Brasilien Evander
4%
80 FC Porto Portugal Francisco Moura
4%
81 FC Twente Niederlande Sem Steijn
4%
Keine übereinstimmenden Quizze gefunden
Verteilung der Resultate
Anzahl Personen mit jedem Resultat
Perzentil nach korrekt beantworteten Fragen
Ihre Resultats-Entwicklung
Sie haben dieses Quiz noch nicht gespielt